| 000 | 00924nam a22002297a 4500 | ||
|---|---|---|---|
| 999 |
_c10730 _d10730 |
||
| 003 | AR-CdUCM | ||
| 008 | 190401b ||||| |||| 00| 0 spa d | ||
| 040 |
_aMUNICIPALIDAD PROVINCIAL DEL CUSCO _cBIBLIOTECA MUNICIPAL DEL CUSCO |
||
| 082 |
_a330.153 / _bSM61 / 1934 |
||
| 100 |
_aSmith, Adam _927727 |
||
| 245 | _aInvestigación de la naturaleza y causas de la riqueza de las naciones / | ||
| 260 |
_aBarcelona : _bBosch, _c1934. |
||
| 300 |
_a455 paginas ; _c23 cm. |
||
| 505 | _aContenido : v.2 : De la división del fondo -- De la acumulación de fondos, o del trabajo productivo y del no productivo -- Del fondo o capital dado a interés -- Del diverso empleo de los capitales.... | ||
| 650 |
_aCapital e interes _927728 |
||
| 650 |
_aRiqueza natural _927729 |
||
| 650 |
_aFondo monetario _927730 |
||
| 650 |
_aSistema maercantil _927731 |
||
| 650 |
_aMercaderías _927732 |
||
| 942 |
_2ddc _cLIBROS |
||
| 945 | _awnts | ||